000 00830cam a22001814a 4500
005 20250605163931.0
008 250528s ||||||||||||||||||||||||d
035 _a14706
040 _aGR-AtMCL
_bgre
_dGR-AtMCL
_eAACR2
245 1 _aThe Age of Perversion / A Close-Up View of Sexuality in our Permissive Society
260 _bCanova Press,
_c1969
300 _a192
520 _aA shocking and revealing whistle-stop journey through the world of perversions, commercial sex, teenage and post-teenage promiscuity... The Permissive Society, The Bizarre Market, Sexual Freedom and the New Morality, Variety is the Spice of Life, Teenage Explorers, Mr and Mrs Average 1984, Anything Goes, The Last Taboo, Denmark: A Blueprint for the Future?
700 1 _aDouglas Jason
_9452
942 _cBK
999 _c327
_d327